000 00356nam a22001457a 4500
008 210305b ||||| |||| 00| 0 eng d
020 _a9780805352184
041 _aeng
080 _a541
082 _a541
100 _a12
101 _aKIM
245 _aAtom & Molecules:An Introduction for Students of Physical Chemistry
_cKarplus,M
942 _2udc
_cBK
999 _c55876
_d55876